[Event "Staraya Mayna Sidorov Cup"]
[Site "Staraya Mayna"]
[Date "2018.07.14"]
[Round "8"]
[White "Askarov, Linar"]
[Black "Chavkina, Anastasia"]
[Result "0-1"]
[WhiteElo "1119"]
[BlackElo "1215"]
[PlyCount "148"]
[EventDate "2018.07.10"]
[EventType "swiss"]
[EventRounds "9"]
[EventCountry "RUS"]
[SourceTitle "EXT 2019"]
[Source "ChessBase"]
[SourceDate "2018.10.10"]
[SourceVersion "1"]
[SourceVersionDate "2018.10.10"]
[SourceQuality "1"]

1. e4 e6 2. d4 d5 3. exd5 exd5 4. Bd3 Nf6 5. Nf3 Bg4 6. 0-0 Be7 7. Nc3 c6 8. Bg5 Nbd7 9. h3 Bh5 10. Be2 0-0 11. Ne5 Bxe2 12. Qxe2 Re8 13. Nxd7 Qxd7 14. Qd2 Ne4 15. Nxe4 dxe4 16. Bxe7 Rxe7 17. Rfe1 Rd8 18. Rad1 Re6 19. c4 b6 20. a4 f5 21. f3 exf3 22. Rxe6 Qxe6 23. d5 cxd5 24. cxd5 Qd6 25. gxf3 Qg3+ 26. Qg2 Qxg2+ 27. Kxg2 Kf7 28. Kg3 Kf6 29. f4 g5 30. Kf3 h5 31. fxg5+ Kxg5 32. h4+ Kg6 33. Kf4 Kf6 34. b4 a6 35. b5 a5 36. Rc1 Rxd5 37. Rc6+ Kf7 38. Rxb6 Rd4+ 39. Kxf5 Rxh4 40. Rb7+ Ke8 41. Ke6 Re4+ 42. Kf6 Rxa4 43. Ra7 h4 44. b6 Rb4 45. b7 Kd8 46. Rxa5 Rxb7 47. Rh5 Rb6+ 48. Kf7 Rb7+ 49. Kf8 Rb4 50. Rd5+ Kc7 51. Rh5 Rf4+ 52. Kg7 Kd6 53. Rh6+ Ke5 54. Rh5+ Ke4 55. Kg6 Kf3 56. Kg5 Kg3 57. Kg6 h3 58. Ra5 h2 59. Ra1 Kg2 60. Kg5 Rf1 61. Ra2+ Rf2 62. Ra1 h1Q 63. Rxh1 Kxh1 64. Kg4 Kg1 65. Kg3 Kf1 66. Kh3 Rg2 67. Kh4 Kf2 68. Kh3 Kf3 69. Kh4 Rg1 70. Kh5 Kf4 71. Kh6 Kf5 72. Kh7 Kf6 73. Kh8 Kf7 74. Kh7 Rh1# 0-1

[Event "Staraya Mayna Sidorov Cup"]
[Site "Staraya Mayna"]
[Date "2018.07.13"]
[Round "7"]
[White "Abdurahmanov, Afer"]
[Black "Askarov, Linar"]
[Result "1-0"]
[WhiteElo "1515"]
[BlackElo "1119"]
[PlyCount "63"]
[EventDate "2018.07.10"]
[EventType "swiss"]
[EventRounds "9"]
[EventCountry "RUS"]
[SourceTitle "EXT 2019"]
[Source "ChessBase"]
[SourceDate "2018.10.10"]
[SourceVersion "1"]
[SourceVersionDate "2018.10.10"]
[SourceQuality "1"]

1. d4 d5 2. c3 Nf6 3. Qc2 Qd7 4. Nf3 Qf5 5. Qb3 Nc6 6. Bg5 b6 7. Bxf6 exf6 8. Nbd2 Ba6 9. 0-0-0 0-0-0 10. e4 dxe4 11. Bxa6+ Kb8 12. d5 exf3 13. dxc6 fxg2 14. Rhg1 Qd5 15. Nf3 Qxd1+ 16. Rxd1 Rd6 17. Qxf7 Rxd1+ 18. Kxd1 Bd6 19. Qxg7 Rd8 20. Qxg2 Bf4+ 21. Nd4 Be5 22. Qe4 h6 23. f4 Bxd4 24. cxd4 f5 25. Qe5 Rg8 26. Qxf5 Rg1+ 27. Ke2 Rg2+ 28. Kf3 Rg8 29. Qd7 Rh8 30. d5 Rf8 31. d6 Rxf4+ 32. Kxf4 1-0

[Event "Staraya Mayna Sidorov Cup"]
[Site "Staraya Mayna"]
[Date "2018.07.12"]
[Round "5"]
[White "Belov, Ilya Yu"]
[Black "Askarov, Linar"]
[Result "1-0"]
[WhiteElo "1831"]
[BlackElo "1119"]
[PlyCount "67"]
[EventDate "2018.07.10"]
[EventType "swiss"]
[EventRounds "9"]
[EventCountry "RUS"]
[SourceTitle "EXT 2019"]
[Source "ChessBase"]
[SourceDate "2018.10.10"]
[SourceVersion "1"]
[SourceVersionDate "2018.10.10"]
[SourceQuality "1"]

1. d4 Nf6 2. Nf3 g6 3. c4 Bg7 4. Nc3 0-0 5. e4 d6 6. Be2 Bg4 7. Nd2 Bxe2 8. Qxe2 e5 9. d5 c6 10. 0-0 Nbd7 11. Rd1 Re8 12. b3 Qc7 13. Ba3 Nc5 14. b4 Ncd7 15. Nb3 b6 16. dxc6 Qxc6 17. b5 Qb7 18. Bxd6 Bf8 19. Bxf8 Rxf8 20. Nd5 Rfd8 21. Rd2 Nxd5 22. Rxd5 Re8 23. f3 f5 24. exf5 gxf5 25. Rad1 Rad8 26. Qd2 Qc8 27. Rxd7 Rxd7 28. Qxd7 e4 29. fxe4 fxe4 30. Qxc8 Rxc8 31. Rd4 Re8 32. Kf2 Kf7 33. Ke3 Kf6 34. Rxe4 1-0

[Event "Staraya Mayna Sidorov Cup"]
[Site "Staraya Mayna"]
[Date "2018.07.11"]
[Round "3"]
[White "Askarov, Linar"]
[Black "Frolova, Marina"]
[Result "0-1"]
[WhiteElo "1119"]
[BlackElo "1806"]
[PlyCount "66"]
[EventDate "2018.07.10"]
[EventType "swiss"]
[EventRounds "9"]
[EventCountry "RUS"]
[SourceTitle "EXT 2019"]
[Source "ChessBase"]
[SourceDate "2018.10.10"]
[SourceVersion "1"]
[SourceVersionDate "2018.10.10"]
[SourceQuality "1"]

1. d4 f5 2. Nf3 Nf6 3. Bf4 e6 4. e3 d5 5. Bd3 Bd6 6. Bxd6 Qxd6 7. 0-0 0-0 8. Re1 c6 9. c4 Ne4 10. Nbd2 Nd7 11. c5 Qe7 12. Qc2 Qf6 13. Nf1 h6 14. Ng3 g5 15. Ne5 Nxe5 16. dxe5 Qxe5 17. Nxe4 fxe4 18. Bf1 Qf6 19. Rad1 e5 20. Qb3 Qxf2+ 21. Kh1 Bg4 22. Rc1 Rf7 23. Qc2 Raf8 24. Qxf2 Rxf2 25. h3 Bh5 26. Kg1 Rxb2 27. Rb1 Rff2 28. g4 Bg6 29. Rxb2 Rxb2 30. a4 Rb4 31. a5 a6 32. Kg2 d4 33. exd4 exd4 0-1